Electroanalytical chemistry: a series of advances

Gorde:
Xehetasun bibliografikoak
Egile nagusia: Bard, Allen J (Egilea)
Formatua: Liburua
Hizkuntza:ingelesa
Argitaratua: Nueva York Marcel Dekker 1966
Gaiak:
Etiketak: Etiketa erantsi
Etiketarik gabe, Izan zaitez lehena erregistro honi etiketa jartzen!

MARC

LEADER 00000nam a2200000 a 4500
001 UCT4033
003 CL-VaPUC
008 961105e19660000US |||||||||||||||||eng|d
082 0 4 |a 543.087  |b BAR  |2 21 
100 0 |a Bard, Allen J  |e author  |9 373126 
245 1 0 |a Electroanalytical chemistry: a series of advances 
300 |a v 
942 |c BK 
945 |d 19961105 00:00:00  |a paguirre 
260 |a Nueva York  |b Marcel Dekker  |c 1966 
650 0 |a Electroquímica  |9 263973 
650 0 |a Química analítica  |9 259648 
650 7 |a POLAROGRAFIA  |2 CL-VaPUC  |9 360131 
650 0 |a Química  |9 259896 
650 7 |a ELECTRODOS  |2 CL-VaPUC  |9 306983 
583 |a last modification  |c 20130123 01:48:59  |k Rodrigo Vera 
999 |c 253497  |d 253495 
952 |0 0  |1 0  |4 0  |6 543_087000000000000_BAR_1966  |7 0  |8 A  |9 274377  |a BIBCUR  |b BIBCUR  |d 2019-11-19  |h v.2  |i 1785060  |o 543.087 BAR 1966  |p 1785060  |r 2025-04-22  |w 2019-11-19  |y BK  |k QUI 
952 |0 0  |1 0  |4 0  |6 543_087000000000000_BAR_1966  |7 0  |8 A  |9 274378  |a BIBCUR  |b BIBCUR  |d 2019-11-19  |h v.1  |i 1784625  |o 543.087 BAR 1966  |p 1784625  |r 2025-04-22  |w 2019-11-19  |y BK  |k QUI 
952 |0 0  |1 0  |4 0  |6 543_087000000000000_BAR_1966  |7 0  |8 A  |9 274379  |a BIBCUR  |b BIBCUR  |d 2019-11-19  |h v.3  |i 1784633  |o 543.087 BAR 1966  |p 1784633  |r 2025-04-22  |w 2019-11-19  |y BK  |k QUI